Scientific Method of Ibn Al-Haytham (Record no. 6566)

MARC details
000 -LEADER
fixed length control field 00665nam a2200253 a 4500
020 ## - INTERNATIONAL STANDARD BOOK NUMBER
ISBN 9694088
082 00 - DEWEY DECIMAL CLASSIFICATION NUMBER
Classification number 500.80297
Author Cutter SAU1
100 ## - MAIN ENTRY--AUTHOR NAME
Author name Saud, Muhammad
245 ## - TITLE STATEMENT
Title Scientific Method of Ibn Al-Haytham
260 ## - PUBLICATION, DISTRIBUTION, ETC. (IMPRINT)
Place of publication Islamabad
Name of publisher International Islamic University
Year of publication 1990
300 ## - PHYSICAL DESCRIPTION
Number of Pages 76p
500 ## - GENERAL NOTE
General note includes index and biblioraphy
505 2# - FORMATTED CONTENTS NOTE
Formatted contents note Bibliography, Index
650 ## - SUBJECT ADDED ENTRY--TOPICAL TERM
Topical Term Islam and Science
650 ## - SUBJECT ADDED ENTRY--TOPICAL TERM
Topical Term Science-Methodology
942 ## - ADDED ENTRY ELEMENTS (KOHA)
Koha item type Books
700 1# -
-- Saud, Muhammad
Holdings
Collection code Home library Current library Date acquired Cost, normal purchase price Full call number Accession Number Koha item type
  Henry Martyn Institute Library Henry Martyn Institute Library 06/11/2007 100.00 500.80297 SAU1 014650 Books
                   Copyright © 2026 | Henry Martyn Institute | Hyderabad | TS-500052 | INDIA | Implemented by hmi.edu.in
Hit-Count:

Powered by Koha